| 000 | 00966nam a2200277 a 4500 | ||
|---|---|---|---|
| 001 | 000033315 | ||
| 003 | DO-SdBNP | ||
| 005 | 20240319184110.0 | ||
| 007 | ta | ||
| 008 | 110823e1996 dr c gr 001 0dspa d | ||
| 020 | _a8460554864 | ||
| 040 |
_aDO-SdBNP _bspa _cBNPHU |
||
| 082 | 4 |
_a332.75 _bC169h _222 |
|
| 100 | 1 |
_aCalvo, Félix, _d1953- _979546 |
|
| 245 | 1 | 4 |
_aLos hijos de Mercurio en la quiebra de Bancomercio / _cFélix Calvo Peralta. |
| 260 |
_aSanto Domingo : _bTiempo, _c1996. |
||
| 300 |
_a243 p. : _bretratros ; _c22 cm. |
||
| 500 | _aIncluye datos biográficos del autor en la solapa de la cubierta. | ||
| 590 | _aInventariado, 2018 / MFF | ||
| 650 | 4 |
_aCrisis bancaria _zRepública Dominicana _934157 |
|
| 650 | 4 |
_aFraude bancario _zRepública Dominicana _912356 |
|
| 650 | 4 |
_aBancos _xPrácticas corruptas _912357 |
|
| 651 | 4 |
_aRepública Dominicana _xCondiciones Económicas _9281 |
|
| 910 | _aValidado. Control de calidad EMS | ||
| 942 |
_2ddc _cLBS1 |
||
| 999 |
_c32806 _d32806 |
||